Politización y monetarización en América Latina

Kaydedildi:
Detaylı Bibliyografya
Asıl Yazarlar: Cousiño, Carlos (Yazar), Valenzuela, Eduardo (Yazar)
Materyal Türü: Kitap
Dil:İspanyolca
Baskı/Yayın Bilgisi: Santiago Instituto de Estudios de la Sociedad 2011
Edisyon:1a. ed
Seri Bilgileri:Colección Vanguardia
Konular:
Etiketler: Etiketle
Etiket eklenmemiş, İlk siz ekleyin!

MARC

LEADER 00000cam a2200000 a 4500
001 UCD6146
003 CL-VaPUC
008 161118e20110000cl |||||||||||||||||spa|d
020 |a 9789568639167 
082 0 4 |a 301  |b COU  |2 21 
100 0 |a Cousiño, Carlos  |e author  |9 589838 
700 0 |a Valenzuela, Eduardo  |e author  |9 589839 
245 1 0 |a Politización y monetarización en América Latina 
250 |a 1a. ed 
300 |a 229 p 
942 |c BK 
945 |d 20161118 09:36:00  |a arojas 
260 |a Santiago  |b Instituto de Estudios de la Sociedad  |c 2011 
650 0 |a Condiciones económicas  |9 258255 
650 0 |a Condiciones sociales   |9 257278 
650 7 |a CONDICIONES CULTURALES  |2 CL-VaPUC  |9 319132 
651 0 |a América Latina   |9 255027 
583 |a last modification  |c 20161118 09:36:00  |k Rodrigo Vera 
490 0 |a Colección Vanguardia 
999 |c 366521  |d 366519 
952 |0 0  |1 0  |3 erb  |4 0  |6 301_000000000000000_COU_2011  |7 0  |8 A  |9 480804  |a BIBEDU  |b BIBEDU  |i 5348072  |o 301 COU 2011  |p 5348072  |r 2019-11-24  |w 2019-11-24  |y BK  |z Catalogado en:20161118  |k FIL